| 000 -CABECERA |
| Longitud fija campo de control |
00469nam a2200169 a 4500 |
| 001 - NÚMERO DE CONTROL |
| Número de control |
5604 |
| 003 - IDENTIFICADOR DEL NÚMERO DE CONTROL |
| Identificador del número de control |
CDMR |
| 005 - FECHA Y HORA DE LA ÚLTIMA TRANSACCIÓN |
| Fecha y hora de la última transacción |
20131129133323.0 |
| 008 - CÓDIGOS DE INFORMACIÓN DE LONGITUD FIJA |
| Códigos de información de longitud fija |
130130s1972||||||||||||||||||||||||||||d |
| 040 ## - FUENTE DE LA CATALOGACIÓN |
| Centro catalogador de origen |
CDMR |
| Lengua de catalogación |
cat |
| Centro transcriptor |
CDMR |
| 245 #0 - MENCIÓN DE TÍTULO |
| Título |
Teoría y práctica del estructuralismo soviético |
| Resto del título |
: [los sistemas de signos] |
| 260 ## - PUBLICACIÓN, DISTRIBUCIÓN, ETC. (PIE DE IMPRENTA) |
| Lugar de publicación, distribución, etc. |
Madrid |
| Fecha de publicación, distribución, etc. |
1972 |
| Nombre del editor, distribuidor, etc. |
Alberto Corazón |
| 300 ## - DESCRIPCIÓN FÍSICA |
| Extensión |
182 p. |
| 490 0# - MENCIÓN DE SERIE |
| Mención de serie |
Comunicación. |
| -- |
Serie A |
| Designación de volumen o secuencia |
13 |
| 650 ## - PUNTO DE ACCESO ADICIONAL DE MATERIA - TÉRMINO DE MATERIA |
| 9 (RLIN) |
1282 |
| Término de materia o nombre geográfico como elemento inicial |
Semiòtica |
| 942 ## - ENTRADA DE ELEMENTOS AGREGADOS (KOHA) |
| Koha [por defecto] tipo de item |
Monografies |
| Fuente de clasificaión o esquema |
|